000 01041nam a2200229Ia 4500
999 _c36930
_d36930
001 2881
003 GE_BSU
005 20190506105942.0
008 181216s1994|||| |||||||||||||| ||geo||
040 _cGE_BSU
041 _agreo
080 _a005.1(072)+658(075.8) გ–74
100 _aგოცირიძე , მ.ვ.
_9737
245 _aმენეჯმენტი : სამრეწველო ფირმის მართვის საფუძვლები :
_bდამხმარე სახელმძღვანელო ნ . l . /
_cმ. ვ . გოცირიძე ; რედ : ს . სოსელია
264 _aთბილისი . :
_bზედაშე ,
_c1992.
300 _a83 გვ ;
_c20 სმ.
541 _h4 ლ.
653 _aმენეჯმენტი
653 _aსამრეწველო ფირმის მართვის საფუძვლები
700 _a სოსელია , ს
_eრედაქტორი
_9738
942 _cBK
_2udc